00984nam a2200253 a 4500001001000000003000400010005001700014008004100031020001500072040002500087082002100112100002800133245005500161260004800216300003400264500002300298504007400321650004700395910001500442942001300457952012700470952011600597999001700713000023121OSt20200930022012.0101126s1968 xxu ad 001 0 spa d a0155055755 aDO-SdBNPbspacBNPHU a909.09821bG816b1 aGreer, Thomas H.94760210aA brief history of western man /cThomas H. Greer. aNew York :bHarcourt, Brace & World,c1968. a594 p. :bil., mapa ;c20 cm. aIncluye índice.  aIncluye referencias bibliográficas y notas al pie de las páginas. 4aCivilización occidentalxHistoria947603 aEn proceso 2ddccLF1 00102ddc50718MOaGRbGRcCTd2010-11-26eVita DominicanaiLF1l0o909.09821 G816bp23121-10r2020-06-25w2020-06-25y1 00112ddc50718MOaGRbGRcMId2017-04-10iLF1l0o909.09821 G816bp23121-20r2020-06-25te. 2w2020-06-25y1 c22618d22618